University Home | Library Home | Institutional Repository

Education in Nambia: A Colloection of Essays (Record no. 112709)

MARC details
000 -LEADER
fixed length control field 00346cas a2200121 4500
008 - FIXED-LENGTH DATA ELEMENTS--GENERAL INFORMATION
fixed length control field 090518n eng u
035 ## - SYSTEM CONTROL NUMBER
System control number (Sirsi) a165159
100 1# - MAIN ENTRY--PERSONAL NAME
Personal name
245 ## - TITLE STATEMENT
Title Education in Nambia: A Colloection of Essays
260 ## - PUBLICATION, DISTRIBUTION, ETC.
Place of publication, distribution, etc. Windhoek:
Name of publisher, distributor, etc. University of Nambia Publishers,
Date of publication, distribution, etc. 2005
300 ## - PHYSICAL DESCRIPTION
Extent vi, 126p.
650 ## - SUBJECT ADDED ENTRY--TOPICAL TERM
Topical term or geographic name entry element Education-Nambia
Holdings
Withdrawn status Lost status Source of classification or shelving scheme Damaged status Not for loan Home library Current library Shelving location Cost, normal purchase price Total Checkouts Full call number Barcode Date last seen Copy number Price effective from Koha item type
    Library of Congress Classification     Main Library Main Library Special collections 0.00   LB5 EDU 2005 3 372900509 6727 08/19/2019 1 08/19/2019 Book
© 2026 - The University of Zambia Library - Koha v25.11